[Event "C.to Italiano U16"]
[Site "Courmayeur ITA"]
[Date "2013.06.30"]
[Round "1"]
[White "Basso, Pier Luigi"]
[Black "Bin-Suhayl, Yousuf"]
[WhiteElo "2231"]
[BlackElo "1711"]
[Result "1-0"]
[PlyCount "169"]
[EventDate "2013.06.30"]

1. d4 Nf6 2. Nf3 d5 3. c4 e6 4. g3 c6 5. Bg2 dxc4 6. Ne5 Bb4+ 7. Nc3 Nd5 8. Bd2
b5 9. O-O f6 10. Nxd5 Bxd2 11. Nxc6 Nxc6 12. Nxf6+ gxf6 13. Bxc6+ Bd7 14. Bxa8
Qxa8 15. Qxd2 h5 16. Qf4 f5 17. Qe5 Kf7 18. e4 h4 19. d5 hxg3 20. fxg3 Qg8 21.
dxe6+ Bxe6 22. exf5 Bd7 23. Qd5+ Ke7 24. f6+ Kd8 25. Qa8+ Kc7 26. Qxa7+ Kc6 27.
a4 Qh7 28. axb5+ Kd6 29. Qd4+ Ke6 30. Qxd7+ Qxd7 31. Rae1+ Kf7 32. Re7+ Qxe7
33. fxe7+ Kxe7 34. Rc1 Rb8 35. Rxc4 Rxb5 36. b4 Re5 37. Kf2 Rf5+ 38. Ke3 Rf1
39. h4 Rd1 40. h5 Rh1 41. Rh4 Re1+ 42. Kf2 Rd1 43. h6 Rd8 44. h7 Rh8 45. Ke3
Kf7 46. Rf4+ Kg7 47. Rg4+ Kh6 48. Rh4+ Kg7 49. b5 Re8+ 50. Kd4 Kh8 51. b6 Rb8
52. Kc5 Rf8 53. b7 Rf5+ 54. Kb4 Rf8 55. Rc4 Kxh7 56. Rc8 Rxc8 57. bxc8=B Kg6
58. Kc5 Kg5 59. Kd4 Kf6 60. Ke4 Kg5 61. Kf3 Kg6 62. Kf4 Kf6 63. g4 Kg6 64. g5
Kf7 65. Kf5 Ke7 66. Bd7 Kxd7 67. Kg6 Ke7 68. Kh7 Kf7 69. g6+ Ke6 70. g7 Kd5 71.
g8=Q+ Kd4 72. Qe6 Kd3 73. Qe5 Kc2 74. Qd4 Kb1 75. Qd2 Ka1 76. Kh8 Kb1 77. Kg7
Ka1 78. Kf7 Kb1 79. Ke6 Ka1 80. Kd5 Kb1 81. Kc4 Ka1 82. Kb3 Kb1 83. Qh6 Ka1 84.
Qa6+ Kb1 85. Qf1# 1-0

[Event "C.to Italiano U16"]
[Site "Courmayeur ITA"]
[Date "2013.06.30"]
[Round "1"]
[White "Caffarelli, Cristiano"]
[Black "Zamengo, Fulvio"]
[WhiteElo "1704"]
[BlackElo "2113"]
[Result "0-1"]
[PlyCount "116"]
[EventDate "2013.06.30"]

1. e4 e6 2. d4 d5 3. exd5 exd5 4. Bd3 Bd6 5. c3 Nc6 6. Nf3 Nge7 7. Be3 Bg4 8.
Nbd2 Qd7 9. h3 Bh5 10. Qc2 f5 11. Bg5 Qe6+ 12. Kf1 O-O 13. Re1 Qd7 14. Bxe7
Bxe7 15. Ne5 Nxe5 16. Rxe5 Bg6 17. Nf3 Qd6 18. Qe2 Bf6 19. Rxd5 Qb6 20. Rb5 Qa6
21. Bc4+ Bf7 22. Bxf7+ Rxf7 23. a3 Re7 24. Ne5 c6 25. Rc5 Qa4 26. f4 b6 27.
Qc4+ Qxc4+ 28. Rxc4 Bxe5 29. dxe5 c5 30. Ke2 g5 31. g3 gxf4 32. gxf4 Kf7 33.
Rg1 Ke6 34. b4 Kd5 35. Kd3 Rd8 36. b5 a6 37. a4 axb5 38. axb5 Ra7 39. Rg5 Ke6+
40. Ke3 Rd1 41. Rg8 Raa1 42. Ke2 Rd7 43. Re8+ Kd5 44. e6 Rd6 45. Rxc5+ bxc5 46.
e7 Kc4 47. Kf2 Ra2+ 48. Kg3 Ra7 49. Kh4 Re6 50. Kg5 Rexe7 51. Rxe7 Rxe7 52.
Kxf5 Kxc3 53. Kf6 Rb7 54. f5 Kd4 55. Ke6 c4 56. f6 Rxb5 57. f7 Rb8 58. Ke7 c3
0-1

[Event "C.to Italiano U16"]
[Site "Courmayeur ITA"]
[Date "2013.06.30"]
[Round "1"]
[White "Coronel, Joshua"]
[Black "Swannie, Bryan"]
[WhiteElo "1948"]
[BlackElo "1692"]
[Result "1/2-1/2"]
[PlyCount "95"]
[EventDate "2013.06.30"]

1. e4 c5 2. Nf3 d6 3. d4 cxd4 4. Nxd4 Nf6 5. Nc3 g6 6. Be3 a6 7. f3 Bg7 8. Qd2
b5 9. O-O-O Bb7 10. g4 Nbd7 11. g5 Nh5 12. Nce2 Rc8 13. Ng3 Nxg3 14. hxg3 Nb6
15. Bh3 Nc4 16. Qb4 Nxe3 17. Bxc8 Qxc8 18. Rd2 Nc4 19. Rd3 Qc5 20. c3 Bxd4 21.
Rxd4 Ne5 22. Rf1 Qxb4 23. cxb4 Nc6 24. Rd2 Nxb4 25. a3 Nc6 26. f4 Na5 27. Rc2
Kd7 28. e5 dxe5 29. fxe5 Ke6 30. Rc7 Rc8 31. Rxc8 Bxc8 32. Rh1 Kxe5 33. Rxh7
Be6 34. Rh8 Kf5 35. Ra8 Kxg5 36. Rxa6 Nc4 37. Ra7 Kg4 38. Rxe7 Kxg3 39. Rb7 f5
40. Rxb5 f4 41. Rg5+ Kh2 42. Rxg6 Bf5 43. Rf6 Ne3 44. Kd2 Kg2 45. b3 Nf1+ 46.
Ke1 Ng3 47. Rd6 Ne4 48. Rc6 1/2-1/2

[Event "C.to Italiano U16"]
[Site "Courmayeur ITA"]
[Date "2013.06.30"]
[Round "1"]
[White "Guidobene, Davide"]
[Black "Bardone, Lorenzo"]
[WhiteElo "1700"]
[BlackElo "1988"]
[Result "0-1"]
[PlyCount "72"]
[EventDate "2013.06.30"]

1. d4 d5 2. c4 c6 3. Nc3 Nf6 4. Nf3 a6 5. cxd5 cxd5 6. Bf4 Nc6 7. e3 Bf5 8. Be2
Rc8 9. Nh4 Bd7 10. O-O e6 11. Nf3 Be7 12. a3 O-O 13. Bd3 Na5 14. Ne5 Qb6 15.
Qc2 Bb5 16. Bxb5 axb5 17. b3 b4 18. axb4 Qxb4 19. Rfc1 Ne4 20. Nd3 Qxc3 21.
Qxc3 Nxc3 22. Rc2 Nxb3 23. Ra7 Ne2+ 24. Rxe2 Nc1 25. Rea2 Nxd3 26. Kf1 Nxf4 27.
exf4 Bf6 28. R2a4 b5 29. Rb4 Rc4 30. Rxb5 Bxd4 31. Rd7 Rc2 32. f3 Rfc8 33. Rb1
g6 34. h4 Rf2+ 35. Ke1 Rxg2 36. Kd1 Rg1+ 0-1

[Event "C.to Italiano U16"]
[Site "Courmayeur ITA"]
[Date "2013.06.30"]
[Round "1"]
[White "Motola, Jacopo"]
[Black "Giovannella, Enrico"]
[WhiteElo "2031"]
[BlackElo "1701"]
[Result "1-0"]
[PlyCount "87"]
[EventDate "2013.06.30"]

1. e4 c5 2. Nf3 Nc6 3. c3 g6 4. d4 cxd4 5. cxd4 Bg7 6. Nc3 d6 7. h3 Nf6 8. Be3
O-O 9. Be2 Bd7 10. O-O a6 11. a4 Rc8 12. Rc1 Na5 13. Nd2 Be6 14. d5 Bd7 15. b4
Ne8 16. Na2 Rxc1 17. Nxc1 Nf6 18. bxa5 Qxa5 19. Nc4 Qxa4 20. Qxa4 Bxa4 21. Nb6
Bc2 22. f3 Nh5 23. Bd3 Bxd3 24. Nxd3 Ng3 25. Rf2 f5 26. Kh2 Nh5 27. exf5 gxf5
28. Rc2 Nf6 29. Rc7 Rb8 30. Nf4 Kf7 31. Ne6 Bh8 32. g4 fxg4 33. hxg4 Ne8 34.
Ng5+ Kg6 35. Rc4 Nf6 36. Ne6 Kf7 37. Kh1 Rg8 38. Ng5+ Kg6 39. Nh3 h6 40. Rc7
Rb8 41. Rxe7 a5 42. Nf4+ Kg5 43. Ng2+ Kg6 44. Nh4# 1-0

[Event "C.to Italiano U16"]
[Site "Courmayeur ITA"]
[Date "2013.06.30"]
[Round "1"]
[White "Olivetti, Davide"]
[Black "Ferraguti, Francesco"]
[WhiteElo "1691"]
[BlackElo "1945"]
[Result "1/2-1/2"]
[PlyCount "128"]
[EventDate "2013.06.30"]

1. e4 e5 2. Nf3 Nc6 3. Bc4 g6 4. c3 Bg7 5. d4 exd4 6. cxd4 d6 7. O-O Nge7 8.
Nc3 O-O 9. h3 h6 10. Be3 Kh7 11. Rc1 f5 12. exf5 Nxf5 13. g4 Nxe3 14. fxe3 Ne7
15. Qe1 d5 16. Bd3 c6 17. Qh4 Ng8 18. Qh5 Bf5 19. Bxf5 Rxf5 20. Qh4 Rxf3 21.
Qxd8 Rxf1+ 22. Rxf1 Rxd8 23. Rf7 Nf6 24. Rxb7 Rd7 25. Rb8 Rc7 26. b4 g5 27. a4
Nd7 28. Re8 Kg6 29. b5 Kf7 30. Rd8 Bf6 31. Ra8 Nb6 32. Rb8 cxb5 33. Nxb5 Rc1+
34. Kf2 Nxa4 35. Rb7+ Kg6 36. Rxa7 Rc2+ 37. Kf3 Nb6 38. Nd6 Rc6 39. Nf5 Re6 40.
Rb7 h5 41. Ng3 hxg4+ 42. hxg4 Nc4 43. Nf5 Nd2+ 44. Ke2 Nc4 45. Rd7 Nb6 46. Rb7
Re4 47. Rxb6 Rxg4 48. Ne7+ Kf7 49. Nxd5 Bh8 50. Kf3 Rh4 51. Rb4 Kg6 52. Ne7+
Kf6 53. Nd5+ Kg6 54. e4 Kh5 55. e5 g4+ 56. Kg2 Kg6 57. Ne3 Kf7 58. Rb7+ Ke6 59.
Rb6+ Kd7 60. Rg6 g3 61. Rd6+ Kc7 62. Kxg3 Rxd4 63. Nd5+ Kb7 64. Rd7+ Kc6
1/2-1/2

[Event "C.to Italiano U16"]
[Site "Courmayeur ITA"]
[Date "2013.07.01"]
[Round "2"]
[White "Bardone, Lorenzo"]
[Black "Donati, Michele"]
[WhiteElo "1988"]
[BlackElo "1794"]
[Result "0-1"]
[PlyCount "72"]
[EventDate "2013.06.30"]

1. e4 c5 2. Nf3 e6 3. d3 a6 4. g3 b5 5. Bg2 Bb7 6. O-O d6 7. Re1 Nd7 8. c3 Ngf6
9. Nbd2 Ne5 10. Qe2 Be7 11. d4 cxd4 12. Nxd4 Qc7 13. f4 Ned7 14. a4 b4 15. Qc4
Qb6 16. Qxb4 Qa7 17. Kh1 d5 18. Qa5 dxe4 19. Nc4 O-O 20. Be3 Qb8 21. Nb6 Nxb6
22. Qxb6 Nd5 23. Qb3 Nxe3 24. Rxe3 Qc7 25. Qc2 Bc5 26. Rc1 Rac8 27. Qb1 Bxd4
28. Ree1 Bf6 29. Bxe4 Bxe4+ 30. Rxe4 Qb7 31. Rce1 Be7 32. Kg1 Bc5+ 33. Kf1 Rfd8
34. b4 f5 35. bxc5 Qxb1 36. Rxb1 fxe4 0-1

[Event "C.to Italiano U16"]
[Site "Courmayeur ITA"]
[Date "2013.07.01"]
[Round "2"]
[White "Calamia, Giampaolo"]
[Black "Basso, Pier Luigi"]
[WhiteElo "1803"]
[BlackElo "2231"]
[Result "0-1"]
[PlyCount "58"]
[EventDate "2013.06.30"]

1. e4 c5 2. Nc3 Nc6 3. f4 d6 4. Nf3 g6 5. Bc4 Bg7 6. O-O e6 7. d3 Nge7 8. Qe1
Nd4 9. Nxd4 cxd4 10. Ne2 O-O 11. Bb3 a5 12. a4 Bd7 13. Qf2 Qb6 14. Kh1 f5 15.
Ng1 h6 16. Nf3 Kh7 17. Qg3 Qc7 18. Bd2 b5 19. Qh3 bxa4 20. Bxe6 Qc8 21. Bxd7
Qxd7 22. c3 Qb5 23. cxd4 Kg8 24. Bc3 Qxd3 25. Rfe1 Qc4 26. exf5 Nxf5 27. Nd2
Qb5 28. Nf3 Rae8 29. g3 Ne3 0-1

[Event "C.to Italiano U16"]
[Site "Courmayeur ITA"]
[Date "2013.07.01"]
[Round "2"]
[White "De Grandi, Samuele"]
[Black "Marzaduri, Riccardo"]
[WhiteElo "1756"]
[BlackElo "1944"]
[Result "1/2-1/2"]
[PlyCount "67"]
[EventDate "2013.06.30"]

1. c4 e5 2. g3 Nf6 3. Bg2 d5 4. cxd5 Nxd5 5. Nc3 Nb6 6. a4 a5 7. Nf3 Nc6 8. d3
Be7 9. O-O Be6 10. Nb5 O-O 11. d4 e4 12. Ne5 f5 13. Nxc6 bxc6 14. Nc3 Bf6 15.
e3 Qe7 16. b3 Qf7 17. Ba3 Bxb3 18. Qc1 Rfd8 19. f3 Nc4 20. Kh1 Nxa3 21. Qxa3
Bc4 22. Rf2 Be7 23. Qc1 exf3 24. Bxf3 Qe6 25. Ne2 Bd5 26. Nf4 Bxf3+ 27. Rxf3
Qd7 28. Qc4+ Kh8 29. Rc1 c5 30. d5 Rab8 31. Kg1 Rb4 32. Qc3 Rxa4 33. Ne6 Bf6
34. Qxc5 1/2-1/2

[Event "C.to Italiano U16"]
[Site "Courmayeur ITA"]
[Date "2013.07.01"]
[Round "2"]
[White "Difronzo, Andrea"]
[Black "Baiocchi, Emanuele"]
[WhiteElo "1943"]
[BlackElo "1781"]
[Result "1-0"]
[PlyCount "81"]
[EventDate "2013.06.30"]

1. e4 Nf6 2. e5 Nd5 3. c4 Nb6 4. b3 d6 5. exd6 cxd6 6. Bb2 Nc6 7. d4 e6 8. Nf3
Bd7 9. Nbd2 d5 10. c5 Nc8 11. a3 g6 12. b4 a6 13. Bd3 Bg7 14. O-O O-O 15. Re1
Re8 16. Nf1 e5 17. dxe5 Bg4 18. Be2 Bf5 19. Ne3 Be4 20. Ng4 N8e7 21. Ng5 Nf5
22. Nf6+ Bxf6 23. exf6 d4 24. Bc4 Ne5 25. Qb3 Nxc4 26. Qxc4 Qd5 27. Qxd5 Bxd5
28. f3 Ne3 29. Bxd4 Nc2 30. Rxe8+ Rxe8 31. Rd1 h6 32. Bf2 Bc6 33. Ne4 Bxe4 34.
fxe4 Rxe4 35. Rd7 Nxa3 36. Rxb7 Rc4 37. Bg3 a5 38. bxa5 Rxc5 39. a6 Ra5 40. a7
Kh7 41. Rxf7+ 1-0

[Event "C.to Italiano U16"]
[Site "Courmayeur ITA"]
[Date "2013.07.01"]
[Round "2"]
[White "Fratton, Zeno"]
[Black "Motola, Jacopo"]
[WhiteElo "1784"]
[BlackElo "2031"]
[Result "0-1"]
[PlyCount "52"]
[EventDate "2013.06.30"]

1. e4 c5 2. Nf3 d6 3. d4 cxd4 4. Nxd4 Nf6 5. Nc3 g6 6. Be2 Bg7 7. O-O O-O 8.
Be3 Nc6 9. Nb3 Be6 10. f4 Na5 11. f5 Bc4 12. Nxa5 Bxe2 13. Qxe2 Qxa5 14. Bd4
Qb4 15. Rfd1 Rfc8 16. Bxf6 Bxf6 17. Nd5 Qxb2 18. Rac1 Rc5 19. fxg6 hxg6 20. Rf1
Rac8 21. Qf3 Qe5 22. Nxf6+ exf6 23. Qxf6 Qxf6 24. Rxf6 Rxc2 25. Rcf1 R8c7 26.
Rxd6 Rxa2 0-1

[Event "C.to Italiano U16"]
[Site "Courmayeur ITA"]
[Date "2013.07.01"]
[Round "2"]
[White "Zamengo, Fulvio"]
[Black "Barbieri, Lorenzo"]
[WhiteElo "2113"]
[BlackElo "1803"]
[Result "1-0"]
[PlyCount "53"]
[EventDate "2013.06.30"]

1. e4 c5 2. Nf3 e6 3. d4 cxd4 4. Nxd4 a6 5. Nc3 Qc7 6. Bd3 Bc5 7. Nb3 Be7 8. a4
b6 9. O-O Nf6 10. f4 d6 11. e5 Nfd7 12. Qg4 g6 13. exd6 Bxd6 14. Ne4 Be7 15.
Qh3 Nf6 16. Bd2 e5 17. Qf3 Bb7 18. fxe5 Nxe4 19. Bxe4 Bxe4 20. Qxe4 Qc6 21. Qf4
Rf8 22. Nd4 Bc5 23. b4 Bxd4+ 24. Qxd4 Ra7 25. Bh6 Rd7 26. Qf4 Rg8 27. e6 1-0

[Event "C.to Italiano U16"]
[Site "Courmayeur ITA"]
[Date "2013.07.01"]
[Round "3"]
[White "Basso, Pier Luigi"]
[Black "Iannello, Antonio"]
[WhiteElo "2231"]
[BlackElo "1855"]
[Result "1-0"]
[PlyCount "93"]
[EventDate "2013.06.30"]

1. d4 Nf6 2. Nf3 g6 3. g3 Bg7 4. Bg2 O-O 5. c4 d6 6. Nc3 Nc6 7. O-O a6 8. Qd3
Nd7 9. e4 e5 10. d5 Nd4 11. Be3 Nxf3+ 12. Bxf3 f5 13. exf5 gxf5 14. Bg2 Nf6 15.
Qd2 Qe8 16. c5 Qg6 17. cxd6 cxd6 18. f4 Ng4 19. Bb6 e4 20. Ne2 Bd7 21. Rac1
Rac8 22. Nd4 Qf7 23. Nb3 Nf6 24. Rfd1 Rxc1 25. Nxc1 Rc8 26. Nb3 Ba4 27. Bh3 Nd7
28. Bd4 Bxb3 29. axb3 Nc5 30. Bxg7 Kxg7 31. Qc3+ Qf6 32. Bxf5 Re8 33. Re1 Nxb3
34. Rxe4 Rxe4 35. Bxe4 a5 36. Bc2 Nc5 37. Kf2 a4 38. Ke3 a3 39. Bb1 Nb3 40. Kd3
Qxc3+ 41. bxc3 Nc1+ 42. Kc2 a2 43. Bxa2 Nxa2 44. Kb2 Nxc3 45. Kxc3 h5 46. h3
Kf6 47. g4 1-0

[Event "C.to Italiano U16"]
[Site "Courmayeur ITA"]
[Date "2013.07.01"]
[Round "3"]
[White "Carletti, Davide M."]
[Black "Mannino, Giacomo"]
[WhiteElo "1890"]
[BlackElo "1598"]
[Result "1-0"]
[PlyCount "69"]
[EventDate "2013.06.30"]

1. e4 d5 2. exd5 Nf6 3. d4 Bg4 4. Nf3 Qxd5 5. Be2 e6 6. c4 Qf5 7. Nc3 Nc6 8.
O-O Bd6 9. d5 exd5 10. cxd5 Ne7 11. Qa4+ Qd7 12. Bb5 c6 13. dxc6 bxc6 14. Be2
O-O 15. Bg5 Ned5 16. Bxf6 Nxf6 17. h3 Bh5 18. Rad1 Qc7 19. Nd4 Bxe2 20. Ncxe2
c5 21. Nb5 Bh2+ 22. Kh1 Qe5 23. Nbc3 Rfb8 24. f4 Bxf4 25. Nxf4 Rxb2 26. Nd3
Qxc3 27. Nxb2 Qxb2 28. Qc6 Rf8 29. Rfe1 Qxa2 30. Qxc5 Ra8 31. Qc6 Rf8 32. Qd6
Qa4 33. Qe7 h6 34. Ra1 Re8 35. Rxa4 1-0

[Event "C.to Italiano U16"]
[Site "Courmayeur ITA"]
[Date "2013.07.01"]
[Round "3"]
[White "Donati, Michele"]
[Black "Difronzo, Andrea"]
[WhiteElo "1794"]
[BlackElo "1943"]
[Result "0-1"]
[PlyCount "144"]
[EventDate "2013.06.30"]

1. c4 Nf6 2. g3 e6 3. Bg2 d5 4. Nf3 c6 5. O-O Bd6 6. b3 Nbd7 7. Bb2 O-O 8. Qc2
Qc7 9. d3 e5 10. e3 b6 11. Nc3 Ba6 12. Rfc1 Rac8 13. a3 e4 14. dxe4 dxc4 15. b4
Rce8 16. Nd4 Ne5 17. f4 Nd3 18. e5 Bxe5 19. fxe5 Qxe5 20. Re1 Nxe1 21. Rxe1 Ng4
22. Ne4 Qc7 23. Nf5 Ne5 24. Ng5 g6 25. Nh6+ Kg7 26. Ng4 f6 27. Bxe5 fxe5 28.
Be4 Bc8 29. Nf2 Rf6 30. Qxc4 Ref8 31. Ngh3 b5 32. Qc5 h6 33. Rc1 Kh7 34. Qxb5
Qf7 35. Qe2 Qb3 36. Qd3 Qf7 37. Qe2 Qb3 38. Rxc6 Bxh3 39. Nxh3 Qxa3 40. Rxf6
Rxf6 41. b5 Rd6 42. Nf2 Kg7 43. Qc2 Qa5 44. Qb2 Rf6 45. Nd3 Qa4 46. Nf2 Qa5 47.
Kg2 Qe1 48. Bf3 Qxe3 49. Qe2 Qb3 50. Ng4 Re6 51. Qd2 h5 52. Ne3 Qxb5 53. g4 h4
54. Be4 Rf6 55. g5 Rf4 56. Bf3 e4 57. Qd4+ Kg8 58. Bxe4 Qxg5+ 59. Kh1 Qf6 60.
Qxf6 Rxf6 61. Kg2 Kg7 62. Nd5 Rf8 63. Kh3 Rf2 64. Kxh4 Rxh2+ 65. Kg5 a5 66. Nf4
a4 67. Bxg6 a3 68. Ne6+ Kh8 69. Nd4 a2 70. Nb3 Rb2 71. Na1 Rb1 72. Nc2 Rc1 0-1

[Event "C.to Italiano U16"]
[Site "Courmayeur ITA"]
[Date "2013.07.01"]
[Round "3"]
[White "Drago, Paolo"]
[Black "Zamengo, Fulvio"]
[WhiteElo "1835"]
[BlackElo "2113"]
[Result "0-1"]
[PlyCount "76"]
[EventDate "2013.06.30"]

1. d4 Nf6 2. c4 c5 3. d5 b5 4. cxb5 a6 5. e3 Bb7 6. Nc3 axb5 7. Bxb5 Qa5 8. Bd2
Qb6 9. Qb3 e6 10. Nf3 Nxd5 11. Na4 Qc7 12. O-O Be7 13. Rac1 O-O 14. e4 Nb6 15.
Rfe1 Nxa4 16. Bxa4 d5 17. e5 Nd7 18. Qc2 Nb6 19. Bb3 Qd8 20. a3 d4 21. Qd3 Rc8
22. Ba5 Ba8 23. Ba2 Rb8 24. b4 cxb4 25. axb4 Bxf3 26. Qxf3 Qd7 27. Red1 Rfc8
28. Rxc8+ Nxc8 29. Qb3 Na7 30. Qc4 Nc6 31. Rb1 d3 32. Rd1 Nxe5 33. Qe4 Bf6 34.
h3 Qa4 35. Qe1 Qxa2 36. Bc7 Rb5 37. Bxe5 Rxe5 38. Qc3 Rd5 0-1

[Event "C.to Italiano U16"]
[Site "Courmayeur ITA"]
[Date "2013.07.01"]
[Round "3"]
[White "Motola, Jacopo"]
[Black "Gennari, Jacopo"]
[WhiteElo "2031"]
[BlackElo "1822"]
[Result "1/2-1/2"]
[PlyCount "101"]
[EventDate "2013.06.30"]

1. Nf3 d5 2. c4 c6 3. g3 Nf6 4. b3 g6 5. Bb2 Bg7 6. Bg2 O-O 7. O-O Bg4 8. h3
Bxf3 9. Bxf3 Nbd7 10. d3 e5 11. Nd2 Re8 12. cxd5 cxd5 13. Rc1 Qe7 14. e4 d4 15.
Rc7 Rec8 16. Qc2 Qd8 17. Rc1 Nb6 18. a4 Ne8 19. Rxc8 Rxc8 20. Nc4 Bh6 21. Rb1
Bf8 22. Qd2 Nxc4 23. bxc4 Bc5 24. Bc1 Nd6 25. Bg2 Qd7 26. Qd1 Kg7 27. f4 f6 28.
Kh2 Qe8 29. h4 h6 30. fxe5 fxe5 31. Qd2 Qh8 32. Bf3 Rf8 33. Kg2 b6 34. a5 Nb7
35. axb6 Bxb6 36. Rb5 Nc5 37. Bg4 h5 38. Bf3 Rf6 39. Qe2 a6 40. Rb1 Na4 41. Bg5
Rf7 42. Rh1 Nc3 43. Qd2 Kh7 44. Qb2 Qf8 45. Rf1 Bc5 46. Qa1 a5 47. Qxa5 Ra7 48.
Qd8 Ra2+ 49. Kg1 Qxd8 50. Bxd8 Rd2 51. Bg5 1/2-1/2

[Event "C.to Italiano U16"]
[Site "Courmayeur ITA"]
[Date "2013.07.01"]
[Round "3"]
[White "Savalla, Pietro"]
[Black "Tonina, Filippo"]
[WhiteElo "1909"]
[BlackElo "1760"]
[Result "1/2-1/2"]
[PlyCount "102"]
[EventDate "2013.06.30"]

1. d4 d6 2. e4 Nf6 3. Bd3 Nc6 4. c3 e5 5. Nf3 Bg4 6. Be3 g6 7. Nbd2 Bg7 8. h3
Bxf3 9. Nxf3 O-O 10. dxe5 dxe5 11. O-O h6 12. Qc2 Nd7 13. Rad1 Qe7 14. Rfe1
Rad8 15. Re2 Nc5 16. Bxc5 Qxc5 17. Red2 Rd6 18. b4 Qb6 19. Bc4 Rfd8 20. Qb3
R8d7 21. Rxd6 cxd6 22. a3 Qc7 23. Ne1 h5 24. Nf3 Bf6 25. Qa2 Kf8 26. Qd2 Kg7
27. Bb3 a6 28. Qd3 Nd8 29. Nd2 Ne6 30. Nc4 Nf4 31. Nxd6 Kf8 32. Qc4 Qd8 33. Re1
Rc7 34. Nxf7 Rxc4 35. Nxd8 Rxc3 36. Ne6+ Nxe6 37. Bxe6 Rxa3 38. Rc1 Be7 39. Rb1
Ra4 40. b5 a5 41. Bd5 b6 42. Bc6 Bc5 43. Bd5 Rd4 44. Rb2 h4 45. Kf1 Rd1+ 46.
Ke2 Rg1 47. Kf3 Ke7 48. Bc6 Bd4 49. Rc2 a4 50. Bd5 Rb1 51. Bc6 Rg1 1/2-1/2

[Event "C.to Italiano U16"]
[Site "Courmayeur ITA"]
[Date "2013.07.02"]
[Round "4"]
[White "Bosticardo, Tommaso"]
[Black "Motola, Jacopo"]
[WhiteElo "1875"]
[BlackElo "2031"]
[Result "0-1"]
[PlyCount "112"]
[EventDate "2013.06.30"]

1. d4 d6 2. c4 e5 3. dxe5 dxe5 4. Qxd8+ Kxd8 5. Nc3 c6 6. Nf3 f6 7. Bd2 Be6 8.
e4 Kc7 9. Be2 Nd7 10. O-O a5 11. Rac1 Nc5 12. Be3 b6 13. Rfd1 Be7 14. Nd2 g5
15. Nb3 Nxb3 16. axb3 h5 17. Nd5+ Bxd5 18. cxd5 c5 19. f3 Bd6 20. g3 Ne7 21.
Kf2 Ng6 22. Rh1 h4 23. Bb5 Rh7 24. g4 Kd8 25. Ra1 Rha7 26. Rhc1 Ne7 27. h3 Rb8
28. Kg2 Nc8 29. Rc2 Rc7 30. Bd2 Na7 31. Bf1 Rcb7 32. Ba6 Rc7 33. Bf1 Nc8 34.
Bb5 Be7 35. Be3 Nd6 36. Bc6 Rbc8 37. Bd2 Bf8 38. Be3 Rxc6 39. dxc6 Rxc6 40. Rd1
Kc7 41. Kf1 Nb5 42. Ke2 Nd4+ 43. Bxd4 exd4 44. Ra1 Kd6 45. Ra4 Be7 46. Kf2 Bd8
47. Ra1 b5 48. Rd1 Ke5 49. Re1 Bb6 50. Kg2 c4 51. bxc4 bxc4 52. b3 c3 53. Rd1
Rc5 54. Kf1 Rb5 55. Rb1 Rb4 56. Ke2 a4 0-1

[Event "C.to Italiano U16"]
[Site "Courmayeur ITA"]
[Date "2013.07.02"]
[Round "4"]
[White "Difronzo, Andrea"]
[Black "Basso, Pier Luigi"]
[WhiteElo "1943"]
[BlackElo "2231"]
[Result "0-1"]
[PlyCount "74"]
[EventDate "2013.06.30"]

1. e4 c5 2. c3 d5 3. exd5 Qxd5 4. d4 Bf5 5. Nf3 Nc6 6. Be3 cxd4 7. cxd4 Bxb1 8.
Rxb1 e6 9. a3 Nf6 10. Be2 Be7 11. O-O O-O 12. b4 a6 13. Rc1 Rfd8 14. Bc4 Qh5
15. Qb3 Nd5 16. Rfd1 a5 17. b5 a4 18. Qd3 Na5 19. Ba2 Nb3 20. Rb1 Rdc8 21. Bd2
Bxa3 22. Bxb3 axb3 23. Rxb3 Bd6 24. h3 Ra2 25. Rc1 Rxc1+ 26. Bxc1 Qg6 27. Ne1
Ra1 28. Qc4 h6 29. Kf1 Bb4 30. Nd3 Bd2 31. Ra3 Rb1 32. Rb3 Nb6 33. Qc7 Rxb3 34.
Nc5 Rb1 35. Qxb6 Rxc1+ 36. Ke2 Qc2 37. Qd8+ Kh7 0-1

[Event "C.to Italiano U16"]
[Site "Courmayeur ITA"]
[Date "2013.07.02"]
[Round "4"]
[White "Piazza, Dario"]
[Black "Marzaduri, Riccardo"]
[WhiteElo "1881"]
[BlackElo "1944"]
[Result "0-1"]
[PlyCount "92"]
[EventDate "2013.06.30"]

1. e4 e6 2. d4 d5 3. Nc3 Nc6 4. e5 Nge7 5. Bg5 h6 6. Bxe7 Nxe7 7. Bd3 Nf5 8.
Bxf5 exf5 9. Qf3 Be6 10. Nge2 c6 11. Nf4 Qd7 12. a3 Be7 13. h4 g6 14. Na4 b6
15. b3 O-O-O 16. Qd3 g5 17. Nxe6 fxe6 18. hxg5 hxg5 19. O-O-O Bxa3+ 20. Kb1 b5
21. Nc3 Qg7 22. Ka2 Bb4 23. Kb2 Ba5 24. Ne2 Rxh1 25. Rxh1 Rh8 26. Ra1 Bb6 27.
c4 bxc4 28. bxc4 Qb7 29. Kc2 Kd7 30. c5 Bc7 31. Rb1 Qa8 32. Qg3 Bd8 33. Nc3 f4
34. Qd3 Rh2 35. Qa6 Rxg2 36. Rb7+ Bc7 37. Nxd5 Rxf2+ 38. Kc3 exd5 39. e6+ Kxe6
40. Qxc6+ Kf5 41. Qxd5+ Kg4 42. Qe6+ Kg3 43. Rxc7 Qf3+ 44. Kc4 Rc2+ 45. Kb5
Rb2+ 46. Ka4 Qd1+ 0-1

[Event "C.to Italiano U16"]
[Site "Courmayeur ITA"]
[Date "2013.07.02"]
[Round "4"]
[White "Tonina, Filippo"]
[Black "Tazzioli, Luca"]
[WhiteElo "1760"]
[BlackElo "1939"]
[Result "1/2-1/2"]
[PlyCount "66"]
[EventDate "2013.06.30"]

1. d4 d5 2. c4 e6 3. Nc3 Nf6 4. cxd5 exd5 5. Bg5 Be7 6. e3 O-O 7. Bd3 h6 8. Bh4
c6 9. Qc2 Re8 10. Nge2 Nbd7 11. O-O Ne4 12. Bxe7 Qxe7 13. Bxe4 dxe4 14. Ng3 Nf6
15. h3 Bd7 16. f3 exf3 17. Rxf3 Nh7 18. e4 Ng5 19. Raf1 Nxf3+ 20. Rxf3 Rad8 21.
e5 Be6 22. Nce2 Rf8 23. Nh5 Qh4 24. Nef4 Rxd4 25. Rg3 Qxg3 26. Nxg3 Rxf4 27.
Qc5 Rd8 28. Qxa7 Rd1+ 29. Kh2 Bd5 30. Qe3 Rfd4 31. Nf5 R4d3 32. Qf4 Kf8 33.
Qb4+ Kg8 1/2-1/2

[Event "C.to Italiano U16"]
[Site "Courmayeur ITA"]
[Date "2013.07.02"]
[Round "4"]
[White "Vesce, Emanuele"]
[Black "Coronel, Joshua"]
[WhiteElo "1898"]
[BlackElo "1948"]
[Result "1/2-1/2"]
[PlyCount "93"]
[EventDate "2013.06.30"]

1. e4 c5 2. Nf3 Nc6 3. c3 Nf6 4. e5 Nd5 5. d4 cxd4 6. cxd4 d6 7. Bc4 Nb6 8. Bd3
dxe5 9. dxe5 Bg4 10. Bf4 e6 11. O-O Nd5 12. Bg3 Be7 13. Be4 O-O 14. Qb3 Bxf3
15. Qxf3 Nd4 16. Qd1 Bc5 17. Nd2 Qd7 18. Nb3 Nxb3 19. Qxb3 Nb6 20. Rac1 Rac8
21. Qf3 Rc7 22. Rfd1 Qe7 23. Rc2 Rfc8 24. Rdc1 Bd4 25. Qe2 Qg5 26. Rxc7 Qxc1+
27. Rxc1 Rxc1+ 28. Qf1 Rxf1+ 29. Kxf1 Bxb2 30. Bxb7 g5 31. f3 Nc4 32. Bf2 Bxe5
33. Bxa7 Bxh2 34. a4 Bc7 35. Ke2 h5 36. Ba6 Ne5 37. Bd4 Nc6 38. Bc3 f5 39. Bb5
Na5 40. Kd3 g4 41. fxg4 hxg4 42. Ke3 Kf7 43. Be1 f4+ 44. Ke4 Nb7 45. Bb4 Kf6
46. Bc6 Na5 47. Bxa5 1/2-1/2

[Event "C.to Italiano U16"]
[Site "Courmayeur ITA"]
[Date "2013.07.02"]
[Round "4"]
[White "Zamengo, Fulvio"]
[Black "Carletti, Davide M."]
[WhiteElo "2113"]
[BlackElo "1890"]
[Result "1/2-1/2"]
[PlyCount "106"]
[EventDate "2013.06.30"]

1. e4 e5 2. Nf3 Nc6 3. Bb5 a6 4. Ba4 Nf6 5. O-O b5 6. Bb3 Bc5 7. c3 d6 8. h3
O-O 9. Re1 Bb6 10. d4 h6 11. Bc2 Re8 12. b3 Bb7 13. Bb2 Qd7 14. Nbd2 Re7 15.
Nf1 Rae8 16. Ng3 g6 17. Qd2 Kh7 18. d5 Nb8 19. Bc1 Ng8 20. Nh2 Qd8 21. Ng4 h5
22. Nh6 Bc8 23. Nxg8 Kxg8 24. Qh6 Nd7 25. Bd1 f6 26. Qxg6+ Rg7 27. Qxh5 Rxg3
28. Bg4 Nf8 29. Qh4 Rxc3 30. Bh6 Qe7 31. Bxc8 Rxc8 32. Qg4+ Kh7 33. Qxc8 Kxh6
34. Qxa6 Qd7 35. a4 Rxb3 36. a5 Bd4 37. Rab1 Ra3 38. Qxb5 Qxb5 39. Rxb5 Bc3 40.
Re3 Ra1+ 41. Kh2 Bxa5 42. Rb8 Kg7 43. Ra8 Bc3 44. Rg3+ Ng6 45. Rc8 Ba5 46. Rd8
Bb6 47. Rd7+ Kh6 48. Rf3 Rf1 49. Kg3 Nf4 50. Kg4 Kg6 51. g3 Nh5 52. Rf5 Ng7 53.
Rf3 Nh5 1/2-1/2